000
002380000a22000970004500
100
1
_a
Mitchell, Bill
245
1
0
_a
Templos de hielo
300
_a
Vol. 57, Núm 257 (2002), Páginas 9-12
773
0
_t
La Biblia de las Américas
942
_c
ANA
999
_c
51690
_d
51690